| 000 | 00837nam a22001817a 4500 | ||
|---|---|---|---|
| 003 | OSt | ||
| 005 | 20120302151629.0 | ||
| 008 | 091117t xxu||||| |||| 00| 0 eng d | ||
| 020 | _a81-87003-02-2 | ||
| 035 | _a१६५९३ | ||
| 040 | _cमराठी | ||
| 100 |
_aरानडे, श्रीराम _910313 |
||
| 245 | _aमूल्यशिक्षण मार्गदीपिका: सर्वधर्मसहिष्णुता, राष्ट्रभक्ती, राष्ट्रीय एकात्मता (भाग ३ रा) | ||
| 260 |
_aपुणे _bअतुल _c१९९८ |
||
| 300 | _b८६ पाने | ||
| 700 |
_aकोलटकर, शीला/ वैद्य, मृणाल / देशपांडे,कृ. पं. संपा. _910314 |
||
| 942 |
_2ddc _cBOOK |
||
| 999 |
_c495025 _d495022 |
||